[Event "Francophonie-chT Rapid"]
[Site "Tornelo INT"]
[Date "2022.06.05"]
[Round "10.13"]
[White "Koita, Idrissa"]
[Black "Vasquez, Georges"]
[Result "0-1"]
[WhiteElo "1611"]
[BlackElo "1856"]
[PlyCount "116"]
[EventDate "2022.06.04"]
[EventType "team-swiss (rapid)"]
[EventRounds "11"]
[EventCountry "FRA"]
[SourceTitle "CBM 208 Extra"]
[Source "ChessBase"]
[SourceDate "2022.07.31"]
[SourceVersion "1"]
[SourceVersionDate "2022.07.31"]
[SourceQuality "1"]
[WhiteTeam "Burkina Faso"]
[BlackTeam "MAT ton handicap"]
[WhiteTeamCountry "BUR"]
[BlackTeamCountry "FRA"]

1. e4 c6 2. d4 d5 3. e5 Bf5 4. Nf3 e6 5. c3 Ne7 6. Be3 Bg4 7. Be2 Nf5 8. Qd3 Be7 9. h3 Bxf3 10. Bxf3 Qb6 11. b3 0-0 12. Nd2 c5 13. g4 Nh4 14. 0-0 Nc6 15. Be2 Rac8 16. f4 cxd4 17. cxd4 Nb4 18. Qb5 Qxb5 19. Bxb5 Nc2 20. Bf2 Nxa1 21. Rxa1 Rc2 22. Bxh4 Bxh4 23. Nf3 Be7 24. g5 Rfc8 25. h4 g6 26. Bd3 Rc1+ 27. Rxc1 Rxc1+ 28. Kg2 Ba3 29. Kg3 Ra1 30. Kg4 Rxa2 31. h5 Rb2 32. Nh4 Rxb3 33. Bf1 Bb2 34. h6 a5 35. Ng2 a4 36. Ne1 a3 37. Nc2 a2 38. f5 a1Q 39. Nxa1 Bxa1 40. f6 Bxd4 41. Kf4 b5 42. Bg2 b4 43. Bf3 Re3 44. Kg4 b3 45. Bd1 b2 46. Bc2 Rc3 47. Bb1 Rc1 48. Bd3 b1Q 49. Bxb1 Rxb1 50. Kf3 Re1 51. Kg4 Bxe5 52. Kf3 d4 53. Kf2 Re3 54. Kf1 Bf4 55. Kf2 d3 56. Kf1 d2 57. Kf2 d1Q 58. Kg2 Qd2+ 0-1

[Event "IPCA Wch 20th"]
[Site "Torrevieja"]
[Date "2021.10.22"]
[Round "5"]
[White "Gedgafov, Chamal"]
[Black "Vasquez, Georges"]
[Result "1-0"]
[WhiteElo "2202"]
[BlackElo "1864"]
[PlyCount "59"]
[EventDate "2021.10.18"]
[EventType "swiss"]
[EventRounds "9"]
[EventCountry "ESP"]
[SourceTitle "EXT 2023"]
[Source "ChessBase"]
[SourceDate "2022.10.05"]
[SourceVersion "1"]
[SourceVersionDate "2022.10.05"]
[SourceQuality "1"]

1. d4 Nf6 2. c4 g6 3. Nc3 Bg7 4. e4 d6 5. Nf3 0-0 6. Be2 e5 7. d5 a5 8. Be3 Na6 9. Nd2 Ne8 10. 0-0 f5 11. f3 f4 12. Bf2 g5 13. a3 Bd7 14. Rb1 Rf6 15. b4 axb4 16. axb4 Rg6 17. c5 h5 18. c6 Bc8 19. Ra1 bxc6 20. dxc6 g4 21. g3 h4 22. fxg4 hxg3 23. hxg3 fxg3 24. Bxg3 Qg5 25. Nd5 Nxb4 26. Rxa8 Nxd5 27. exd5 Bxg4 28. Rxe8+ Kh7 29. Bxg4 Qe3+ 30. Kg2 1-0

[Event "Sautron op 17th"]
[Site "Sautron"]
[Date "2017.10.23"]
[Round "4.10"]
[White "Vasquez, Georges"]
[Black "Tsatsalashvili, Ketevan"]
[Result "1/2-1/2"]
[WhiteElo "1955"]
[BlackElo "2264"]
[PlyCount "23"]
[EventDate "2017.10.22"]
[EventType "swiss"]
[EventRounds "9"]
[EventCountry "FRA"]
[SourceTitle "CBM 181 Extra"]
[Source "ChessBase"]
[SourceDate "2017.12.12"]
[SourceVersion "1"]
[SourceVersionDate "2017.12.12"]
[SourceQuality "1"]

1. Nf3 d5 2. g3 c5 3. Bg2 Nc6 4. 0-0 e5 5. d3 Nf6 6. e4 Bd6 7. Nbd2 Bc7 8. Nc4 h6 9. a4 Bg4 10. Ne1 Bh5 11. f3 Bg6 12. g4 1/2-1/2

[Event "Sautron op 15th"]
[Site "Sautron"]
[Date "2015.10.23"]
[Round "8.27"]
[White "Vasquez, Georges"]
[Black "Mariette, Lucas"]
[Result "1-0"]
[WhiteElo "2003"]
[BlackElo "1757"]
[PlyCount "59"]
[EventDate "2015.10.24"]
[EventType "swiss"]
[EventRounds "9"]
[EventCountry "FRA"]
[SourceTitle "EXT 2019"]
[Source "ChessBase"]
[SourceDate "2018.10.10"]
[SourceVersion "1"]
[SourceVersionDate "2018.10.10"]
[SourceQuality "1"]

1. Nf3 d5 2. g3 Nf6 3. Bg2 e6 4. d3 Be7 5. Nbd2 0-0 6. 0-0 c5 7. e4 Nc6 8. Re1 b6 9. Qe2 Re8 10. e5 Nd7 11. Nf1 Qc7 12. Bf4 Ba6 13. c3 b5 14. h4 b4 15. g4 bxc3 16. bxc3 Rab8 17. Qd2 Nb6 18. Ng3 Na4 19. Rab1 Qa5 20. Ne2 c4 21. d4 Ba3 22. Qc2 Bb2 23. Bd2 Rb7 24. Ng5 g6 25. h5 Ne7 26. h6 Reb8 27. Qd1 Nxc3 28. Nxc3 Bxc3 29. Rxb7 Rxb7 30. Qf3 1-0

[Event "Sautron op 15th"]
[Site "Sautron"]
[Date "2015.10.23"]
[Round "4.52"]
[White "Vasquez, Georges"]
[Black "Pille, Edouard"]
[Result "1-0"]
[WhiteElo "2003"]
[BlackElo "1698"]
[PlyCount "121"]
[EventDate "2015.10.24"]
[EventType "swiss"]
[EventRounds "9"]
[EventCountry "FRA"]
[SourceTitle "EXT 2019"]
[Source "ChessBase"]
[SourceDate "2018.10.10"]
[SourceVersion "1"]
[SourceVersionDate "2018.10.10"]
[SourceQuality "1"]

1. Nf3 d5 2. g3 Nf6 3. Bg2 c6 4. d4 Bf5 5. 0-0 e6 6. b3 h6 7. Bb2 Be7 8. c4 0-0 9. Nc3 Nbd7 10. Re1 Ne4 11. Nd2 Nxc3 12. Bxc3 Nf6 13. f3 Qb6 14. e4 dxe4 15. fxe4 Bg4 16. Qc2 Rfd8 17. Kh1 a5 18. c5 Qc7 19. Nc4 Nd7 20. Bd2 e5 21. dxe5 Bxc5 22. Bf4 Bd4 23. e6 Ne5 24. exf7+ Kxf7 25. Rf1 Kg8 26. Rae1 Qe7 27. Nxe5 Bxe5 28. h3 Bh5 29. Kh2 Rf8 30. Bxe5 Qxe5 31. Qd2 Rad8 32. Rxf8+ Rxf8 33. Re3 Kh7 34. a3 Rf7 35. Qc3 Re7 36. Qxe5 Rxe5 37. Kg1 Bd1 38. Rd3 Be2 39. Rd2 Ba6 40. Kf2 Kg6 41. Ke3 Rb5 42. Rb2 Rb6 43. Kd4 Rb5 44. Bf1 c5+ 45. Kc3 Rb6 46. Bxa6 Rxa6 47. Kc4 Re6 48. Kd5 Kf6 49. Rf2+ Ke7 50. e5 b6 51. a4 Rg6 52. Rf3 Rg5 53. Re3 Rg6 54. e6 Rf6 55. Kc6 Rxe6+ 56. Rxe6+ Kxe6 57. Kxb6 Kd6 58. Kxa5 Kc6 59. Ka6 g6 60. h4 h5 61. a5 1-0

[Event "Fouesnant op 13th"]
[Site "Fouesnant"]
[Date "2007.11.02"]
[Round "8"]
[White "Joli, Laurent"]
[Black "Vasquez, Georges"]
[Result "0-1"]
[WhiteElo "1893"]
[BlackElo "2096"]
[PlyCount "76"]
[EventDate "2007.10.27"]
[EventType "swiss"]
[EventRounds "9"]
[EventCountry "FRA"]
[SourceTitle "EXT 2008"]
[Source "ChessBase"]
[SourceDate "2007.11.25"]
[SourceVersion "1"]
[SourceVersionDate "2007.11.25"]
[SourceQuality "1"]

1. e4 c6 2. d4 d5 3. Nc3 dxe4 4. Nxe4 Bf5 5. Ng3 Bg6 6. Nf3 Nd7 7. Be3 Ngf6 8. Bc4 e6 9. 0-0 Be7 10. Re1 0-0 11. Bd3 Qc7 12. Bg5 Rfe8 13. Bxg6 hxg6 14. c3 Rad8 15. Qc2 c5 16. Rad1 b5 17. Re2 a5 18. dxc5 Qxc5 19. Ne4 Nxe4 20. Bxe7 Qxe7 21. Rxe4 Nf6 22. Re2 Rc8 23. Re5 Rc5 24. Rxc5 Qxc5 25. Qe2 Rc8 26. Nd4 b4 27. Nb3 Qb6 28. cxb4 axb4 29. h3 Nd5 30. Qd2 Qa7 31. Nc1 Qa4 32. b3 Qb5 33. Ne2 Qa6 34. Rc1 Ra8 35. Rc2 Qb6 36. Qd4 Qa5 37. Qc4 Nf6 38. Nd4 Qe5 0-1

[Event "Rohde op 05th"]
[Site "Sautron"]
[Date "2005.10.26"]
[Round "5"]
[White "Broin, Christian"]
[Black "Vasquez, Georges"]
[Result "1/2-1/2"]
[WhiteElo "1794"]
[BlackElo "2078"]
[PlyCount "82"]
[EventDate "2005.10.22"]
[EventType "swiss"]
[EventRounds "9"]
[EventCountry "FRA"]
[SourceTitle "EXT 2006"]
[Source "ChessBase"]
[SourceDate "2005.11.24"]
[SourceVersion "1"]
[SourceVersionDate "2005.11.24"]
[SourceQuality "1"]

1. c4 Nf6 2. g3 g6 3. Bg2 Bg7 4. Nc3 0-0 5. e4 e5 6. Nge2 d6 7. 0-0 Nbd7 8. d3 a5 9. h3 Nc5 10. f4 c6 11. Be3 b6 12. f5 gxf5 13. exf5 Bb7 14. Ne4 Ncxe4 15. dxe4 d5 16. cxd5 cxd5 17. exd5 Bxd5 18. Nc3 Bxg2 19. Kxg2 Qc7 20. Qf3 Rab8 21. g4 h6 22. Rac1 Qb7 23. Rfd1 b5 24. Qxb7 Rxb7 25. b3 Rc8 26. Ne4 Rxc1 27. Nxf6+ Bxf6 28. Rxc1 Kg7 29. Kf3 Be7 30. Rc6 f6 31. Rb6 Rxb6 32. Bxb6 Bb4 33. Be3 Be1 34. Ke4 a4 35. Kd5 axb3 36. axb3 Bg3 37. Ke4 Be1 38. Kf3 Bh4 39. Bd2 Kh7 40. Be3 Kg7 41. Bd2 Kh7 1/2-1/2

[Event "Rohde op 05th"]
[Site "Sautron"]
[Date "2005.10.24"]
[Round "3"]
[White "Sulypa, Oleksandr"]
[Black "Vasquez, Georges"]
[Result "1-0"]
[WhiteElo "2489"]
[BlackElo "2078"]
[PlyCount "67"]
[EventDate "2005.10.22"]
[EventType "swiss"]
[EventRounds "9"]
[EventCountry "FRA"]
[SourceTitle "EXT 2006"]
[Source "ChessBase"]
[SourceDate "2005.11.24"]
[SourceVersion "1"]
[SourceVersionDate "2005.11.24"]
[SourceQuality "1"]

1. d4 Nf6 2. c4 g6 3. Nc3 Bg7 4. e4 d6 5. f3 0-0 6. Nge2 b6 7. Be3 c5 8. Qd2 Nc6 9. Rd1 Bb7 10. d5 Ne5 11. Ng3 a6 12. Be2 Qc7 13. 0-0 Rad8 14. Bg5 Rfe8 15. h3 h5 16. Bh6 e6 17. Bxg7 Kxg7 18. f4 Ned7 19. e5 dxe5 20. d6 Qc6 21. Bf3 e4 22. Ngxe4 Qc8 23. Ng5 Bxf3 24. Nxf3 Qb7 25. a4 Ne4 26. Nxe4 Qxe4 27. b3 f6 28. Rfe1 Qc6 29. Re3 e5 30. Nh4 e4 31. Rg3 Nf8 32. Qe2 Rxd6 33. Rxd6 Qxd6 34. Nf5+ 1-0